| 000 | 00468cam a2200157u 4500 | ||
|---|---|---|---|
| 082 |
_a621.56 _bREF _cL-8, P-10 |
||
| 100 |
_aA. S. R. E _941922 |
||
| 110 | 2 |
_aAmerican society of refrigerating engineers. [from old catalog] _941923 |
|
| 245 | 0 | 4 |
_aThe refrigerating data book . _cA. S. R. E |
| 250 | _a6th ed. | ||
| 260 |
_a[New York, _c1949] |
||
| 300 |
_a247 p. _bill. _c24 cm. |
||
| 526 |
_a0 _b0 _c0 _d621_560000000000000_REF |
||
| 650 |
_aMCE _9379 |
||
| 942 |
_2ddc _cBK |
||
| 999 |
_c545945 _d545945 |
||